Švec, Š. a kol.: Paedagogica XIII. Zborník Filozofickej a Pedagogickej fakulty Univerzity Komenského

Bibliographic Details
Main Author: Lazanová, J. (Author)
Format: Article
Language:Slovak
ISSN:1335-1982
Subjects:

MARC

LEADER 00000nab a2200000 a 4500
001 vtls000661903
003 SK-MaSNL
005 20260304090511.0
008 250425c1998 xo 0 slo
015 |a SNBRB1998/05-13906 
035 |a CLN000014092 
035 |a urn:nbn:sk:snk-ab7jyr 
035 |a (urnnbn)urn:nbn:sk:snk:ar-005z8i 
035 |a (uuid)54bef293-162f-4420-b8fd-754ea6221ebd 
040 |a SNKBUCL  |b slo  |c SNKBUCL  |e AACR2 
041 0 |a slo 
044 |a xo  |c SK 
080 |a 37(082)(048)  |2 1997 
100 1 |a Lazanová, J.  |4 aut  |9 785333 
245 1 0 |a Švec, Š. a kol.: Paedagogica XIII. Zborník Filozofickej a Pedagogickej fakulty Univerzity Komenského  |c J. Lazanová 
650 0 7 |a pedagogika  |x zborníky  |x recenzie  |2 snkbucl  |9 1381654 
655 7 |a články z novín a časopisov  |2 snkbucl  |9 267496 
773 0 |t Pedagogická revue  |g Roč. 50, č. 3 (1998), s. 299-300  |x 1335-1982 
787 0 8 |i Rec.:  |t Zborník Filozofickej a Pedagogickej fakulty Univerzity Komenského. Paedagogica. 13.  |d Bratislava : Univerzita Komenského, 1995  |z 8022309273 
850 |a Slovenská národná knižnica 
852 |a Slovenská národná knižnica 
954 |a odborná, vedecká literatúra pôvodná (slovenská)  |2 lita 
958 |a article7 
958 |a OND 
958 |a SK 
958 |a EUIPO 
992 |a RBX 
999 |c 2811649  |d 2813579